Saḥiḥul Bukharī, Vol-1,2 : / صحيح البخاري (Record no. 29906)
[ view plain ]
| 000 -LEADER | |
|---|---|
| fixed length control field | 00480nam a22001817a 4500 |
| 003 - CONTROL NUMBER IDENTIFIER | |
| control field | BDDh-ASL |
| 005 - DATE AND TIME OF LATEST TRANSACTION | |
| control field | 20231015031102.0 |
| 008 - FIXED-LENGTH DATA ELEMENTS--GENERAL INFORMATION | |
| fixed length control field | 221229s1921 u ||||| |||| 00| 0 a d |
| 040 ## - CATALOGING SOURCE | |
| Original cataloging agency | BDDh-ASL |
| Transcribing agency | BDDh-ASL |
| 041 ## - LANGUAGE CODE | |
| Language code of text/sound track or separate title | ara |
| 082 ## - DEWEY DECIMAL CLASSIFICATION NUMBER | |
| Classification number | 297 |
| Item number | BUS |
| 100 1# - MAIN ENTRY--PERSONAL NAME | |
| Personal name | Bukhari, Imam |
| 9 (RLIN) | 6899 |
| 245 10 - TITLE STATEMENT | |
| Title | Saḥiḥul Bukharī, Vol-1,2 : / صحيح البخاري |
| 260 ## - PUBLICATION, DISTRIBUTION, ETC. | |
| Place of publication, distribution, etc. | Egypt : |
| Date of publication, distribution, etc. | 1921/1343 H. |
| 300 ## - PHYSICAL DESCRIPTION | |
| Extent | 835 p. : |
| Dimensions | 28 cm. |
| 650 #0 - SUBJECT ADDED ENTRY--TOPICAL TERM | |
| Topical term or geographic name entry element | Hadith |
| 9 (RLIN) | 3956 |
| 942 ## - ADDED ENTRY ELEMENTS (KOHA) | |
| Source of classification or shelving scheme | Dewey Decimal Classification |
| Koha item type | Books |
| Withdrawn status | Lost status | Source of classification or shelving scheme | Damaged status | Not for loan | Collection code | Home library | Current library | Shelving location | Date acquired | Source of acquisition | Serial Enumeration / chronology | Total Checkouts | Full call number | Barcode | Date last seen | Copy number | Price effective from | Koha item type | Public note |
|---|---|---|---|---|---|---|---|---|---|---|---|---|---|---|---|---|---|---|---|
| Dewey Decimal Classification | Not For Loan | Non-fiction | Asiatic Society Library | Asiatic Society Library | General Stacks | 12/29/2022 | ASB Library Collection | A-0153 | 297 BUS | 118198 | 12/29/2022 | C-1 | 12/29/2022 | Books | Y-1921 |